000 00532nam a2200217Ia 4500
999 _c13743
_d13743
003 0100
005 20190718145919.0
008 130303s9999 xx 000 0 und d
020 _a415222877
040 _cARRUPELIB
050 _aHM753.Q84 2000
245 _aQuestioning identity
245 _bgender, class and nation
260 _aLondon
_c2000
300 _aviii
300 _b 166p. 26cm.
650 _bNational Characteristics
_2Social change
_918945
650 _cUganda--History
_947311
700 _aedited by Kath Woodward , Woodward, Kath
_947312
942 _2lcc
_cMONOGRAPH